000 00520nam a2200181Ia 4500
001 8373
003 GE_BSU
008 181216s||||||||xx |||||||||||||| ||und||
040 _cGE_BSU
245 _aБанковские технологии №11 (213) 2013
245 _bНаучно-техническое издание
245 _cГл. ред.Ю.Н.Гордеев
260 _aМосква
260 _c2013
300 _a64стр. 30см.
653 _aБанковские технологии
942 _cCR
999 _c41696
_d41696